OCR Health and Social Care for GCSE/ (Record no. 169691)

MARC details
000 -LEADER
fixed length control field 00962nam a2200301 a 4500
008 - FIXED-LENGTH DATA ELEMENTS--GENERAL INFORMATION
fixed length control field
020 ## - INTERNATIONAL STANDARD BOOK NUMBER
International Standard Book Number 9780340975084 (paperback)
040 ## - CATALOGING SOURCE
Original cataloging agency NUST
Transcribing agency NUST
049 ## - LOCAL HOLDINGS (OCLC)
Holding library MAIN
090 ## - LOCALLY ASSIGNED LC-TYPE CALL NUMBER (OCLC); LOCAL CALL NUMBER (RLIN)
Classification number (OCLC) (R) ; Classification number, CALL (RLIN) (NR) HV40
Local cutter number (OCLC) ; Book number/undivided call number, CALL (RLIN) THO
003 - CONTROL NUMBER IDENTIFIER
control field
005 - DATE AND TIME OF LATEST TRANSACTION
control field 20230123141221.0
100 ## - MAIN ENTRY--PERSONAL NAME
Personal name Thomson, Hillary.,
-- author.
245 10 - TITLE STATEMENT
Title OCR Health and Social Care for GCSE/
Statement of responsibility, etc. Hilary Thomson and Sylvia Aslangul.
260 ## - PUBLICATION, DISTRIBUTION, ETC.
Place of publication, distribution, etc. London :
Name of publisher, distributor, etc. Hodder Education,
Date of publication, distribution, etc. c 2009.
300 ## - PHYSICAL DESCRIPTION
Extent First edition.
300 ## - PHYSICAL DESCRIPTION
Extent viii, 256 pages :
Other physical details illustrations ;
Dimensions 28 cm.
336 ## - CONTENT TYPE
Content type term text
Content type code txt
Source rdacontent
337 ## - MEDIA TYPE
Media type term unmediated
Media type code n
Source rdamedia
338 ## - CARRIER TYPE
Carrier type term volume
Carrier type code nc
Source rdacarrier
500 ## - GENERAL NOTE
General note Includes index.
650 #1 - SUBJECT ADDED ENTRY--TOPICAL TERM
Topical term or geographic name entry element Health and Social Care.
650 ## - SUBJECT ADDED ENTRY--TOPICAL TERM
Topical term or geographic name entry element Promoting health and wellbeing.
650 ## - SUBJECT ADDED ENTRY--TOPICAL TERM
Topical term or geographic name entry element Understanding personal development.
700 ## - ADDED ENTRY--PERSONAL NAME
Personal name Aslangul, Sylvia.,
-- author.
907 ## - LOCAL DATA ELEMENT G, LDG (RLIN)
a .b10308374
b 08-09-21
c 20-02-12
942 ## - ADDED ENTRY ELEMENTS (KOHA)
Koha item type Ordinary Loan Books
Call number prefix HV40
Call number suffix THO
Holdings
Date last seen Total Checkouts Full call number Barcode Cost, replacement price Price effective from Koha item type Lost status Source of classification or shelving scheme Damaged status Not for loan Collection Withdrawn status Home library Current library Shelving location Date acquired Cost, normal purchase price
01/23/2023   HV40 THO 92004049556 80.00 01/23/2023 BOOKS   LCC     NFIC   MAIN MAIN GEN 01/23/2023 80.00